000 01425nam a22002297a 4500
003 NALT
005 20251029164543.0
008 251029b th ||||| |||| 00| 0 tha d
040 _aNALT
100 0 _aเอกชัย บุดสีนนท์.
_946103
245 1 0 _aหนังสือมนุษย์ เล่มที่ 43 ความสัมพันธ์ระหว่างสังคม รัฐ และกฎหมาย /
_cเอกชัย บุดสีนนท์.
260 _aกรุงเทพฯ :
_bสำนักงานเลขาธิการสภาผู้แทนราษฎร,
_c2568.
306 _a001928
505 2 _aแนะนำตัว -- ความสัมพันธ์ระหว่างสังคม รัฐ และกฎหมาย -- การเป็นจารีตประเพณีจะต้องประกอบด้วยองค์ประกอบหลัก 3 ส่วน -- กฎหมาย 3 ยุค.
650 4 _aกฎหมาย
_xแง่สังคม
_937110
653 4 _aพหุสังคมและวัฒนธรรม
850 _aNALT
856 4 0 _uhttps://library.parliament.go.th/th/taxonomy/term/524
_yVideo Clip
856 4 0 _uhttps://youtu.be/WRFxrvD2noI?si=ZZBtalSbnoi2wys7
_yView on YouTube
942 _2local
_cHMB
996 _ajamriang.p
_bCATSTF
_c2025-10-29
999 _c107418
_d107418
998 _h1020
_j1020
_k นางจำเรียง ระวังสำโรง